All Lifesteal SMP Season 5 Members - Statistics

General Stats
  • This quiz has been taken 84 times
  • The average score is 18 of 33
Answer Stats
Hint Answer % Correct
C ClownPierce
84%
(New) 4 4CVIT
75%
(Left) R Rekrap2
75%
(New) M MinuteTech
71%
(Left) P ParrotX2
71%
P PrinceZam
71%
B BranzyCraft
69%
(New) J JumperWho
69%
M Mapicc
69%
A ashswag
63%
P PlanetLord
63%
S SpokeIsHere
63%
(New) W Wemmbu_
63%
P Pangi
61%
W Woogiex
61%
(Left) V Vitalasy
59%
R Reddoons
57%
(New) J Jepex
55%
L Leow0ok
55%
R roshambogames
53%
B baconwaffles0
51%
T TheTerrain
47%
(New) T TheRealSquiddo
45%
Y Yeah_Jaron
45%
(Left) I ItzSubz
41%
(New) P Peentar
41%
M Midmysticx
39%
M MrCube6
39%
(Left) P Poafa
39%
S Spepticle
39%
(Left) V Vort3xDragon
33%
Guest CaptainSparklez
25%
(Left) M McClutchYT
25%
No matching quizzes found
Score Distribution
Percent of People with Each Score
Percentile by Number Answered
Your Score History
You have not taken this quiz